000 00440nam a22001697a 4500
003 MPLRDC
005 20220104124253.0
008 210129b ||||| |||| 00| 0 eng d
082 _a784.28 HIL-3
100 _a朱丽埃特. 班佐尼
245 _a拿破仑与女明星
_c孙成柱 译
250 _a一版一刷
260 _a
_b黑龙江人民出版社
_c1987
300 _b
650 _a法国传记
942 _cBK
_o784.28 HIL-3
999 _c17994
_d17984